Slnko vždy vyženie predaje nápojov nahor

Rozhovor s manažérom logistiky v Heineken Slovensko. Špecifiká nápojovej logistiky. Riešenie sezonality. Vplyv počasia ako aj senzitivity zákazníkov na ceny. Primárna a sekundárna logistika nápojov.

Salvato in:
Dettagli Bibliografici
Autore principale: Brezovský, Jozef
Altri autori: Franek, Ján
Natura: Capitolo di libro
Lingua:slovacco
Soggetti:
Tags: Aggiungi Tag
Nessun Tag, puoi essere il primo ad aggiungerne!!

MARC

LEADER 00000naa a2200000 4500
001 0236669
005 20171019145754.9
041 0 |a slo 
044 |a CZ 
245 1 0 |a Slnko vždy vyženie predaje nápojov nahor  |c Jozef Brezovský, Ján Franek 
520 |a Rozhovor s manažérom logistiky v Heineken Slovensko. Špecifiká nápojovej logistiky. Riešenie sezonality. Vplyv počasia ako aj senzitivity zákazníkov na ceny. Primárna a sekundárna logistika nápojov. 
610 2 0 |a logistika 
610 2 0 |a distribúcia 
610 2 0 |a sklady 
610 2 0 |a skladovanie 
610 2 0 |a nápoje nealkoholické 
610 2 0 |a nápoje alkoholické 
610 2 0 |a pivo 
100 1 |a Brezovský, Jozef 
700 1 |a Franek, Ján